ბათუმის შოთა რუსთაველის სახელმწიფო უნივერსიტეტის ბიბლიოთეკა

Основы конструирования аппаратов и машин нефтеперерабатывающих заводов. (ბიბ.ჩანაწერი № 37035)

000 -LEADER
fixed length control field 00852nam a2200217Ia 4500
001 - CONTROL NUMBER
control field 2989
003 - CONTROL NUMBER IDENTIFIER
control field GE_BSU
008 - FIXED-LENGTH DATA ELEMENTS--GENERAL INFORMATION
fixed length control field 181216s||||||||xx |||||||||||||| ||und||
040 ## - CATALOGING SOURCE
Transcribing agency GE_BSU
080 ## - UNIVERSAL DECIMAL CLASSIFICATION NUMBER
Universal Decimal Classification number 622.276.05+66(075.8)
100 ## - MAIN ENTRY--PERSONAL NAME
Personal name Вихман,Г.А. Круглов,С.А.
245 ## - TITLE STATEMENT
Title Основы конструирования аппаратов и машин нефтеперерабатывающих заводов.
245 ## - TITLE STATEMENT
Remainder of title Учебник для студентов втузов.
250 ## - EDITION STATEMENT
Edition statement Изд. 2-ое, перераб. и допол.
260 ## - PUBLICATION, DISTRIBUTION, ETC.
Place of publication, distribution, etc. М.
260 ## - PUBLICATION, DISTRIBUTION, ETC.
Name of publisher, distributor, etc. Машиностроение.
260 ## - PUBLICATION, DISTRIBUTION, ETC.
Date of publication, distribution, etc. 1978.
300 ## - PHYSICAL DESCRIPTION
Extent 328стр.с илл.22см.
653 ## - INDEX TERM--UNCONTROLLED
Uncontrolled term Основы конструирования аппаратов и машин нефтеперерабатывающих заводов.
942 ## - ADDED ENTRY ELEMENTS (KOHA)
Koha item type წიგნი
ეგზემპლარები
Withdrawn status Lost status Damaged status Not for loan Date acquired Barcode Date last seen Price effective from Koha item type
        2018-12-17 9515 2018-12-17 2018-12-17 წიგნი